<?xml version="1.0" encoding="UTF-8"?>
<record
    xmlns:xsi="http://www.w3.org/2001/XMLSchema-instance"
    xsi:schemaLocation="http://www.loc.gov/MARC21/slim http://www.loc.gov/standards/marcxml/schema/MARC21slim.xsd"
    xmlns="http://www.loc.gov/MARC21/slim">

  <leader>01754nam a2200229 a 4500</leader>
  <controlfield tag="001">000039704</controlfield>
  <controlfield tag="005">20201002033705.0</controlfield>
  <controlfield tag="008">130716s1968    sp            000 f spa d</controlfield>
  <datafield tag="040" ind1=" " ind2=" ">
    <subfield code="a">DO-SdBNP</subfield>
    <subfield code="b">spa</subfield>
    <subfield code="c">BNPHU</subfield>
  </datafield>
  <datafield tag="082" ind1=" " ind2=" ">
    <subfield code="a">808.831</subfield>
    <subfield code="b">A634m, 1968</subfield>
  </datafield>
  <datafield tag="245" ind1="0" ind2="0">
    <subfield code="a">Antolog&#xED;a de las mejores novelas polic&#xED;acas /</subfield>
    <subfield code="c">selecci&#xF3;n Jos&#xE9; A. Llorens ; pr&#xF3;logo Enrique Sordo.</subfield>
  </datafield>
  <datafield tag="250" ind1=" " ind2=" ">
    <subfield code="a">8a ed.</subfield>
  </datafield>
  <datafield tag="260" ind1=" " ind2=" ">
    <subfield code="a">Barcelona :</subfield>
    <subfield code="b">Ediciones Acervo,</subfield>
    <subfield code="c">1968.</subfield>
  </datafield>
  <datafield tag="300" ind1=" " ind2=" ">
    <subfield code="a">v. ;</subfield>
    <subfield code="c">20 cm.</subfield>
  </datafield>
  <datafield tag="500" ind1=" " ind2=" ">
    <subfield code="a">La biblioteca posee el v.8</subfield>
  </datafield>
  <datafield tag="505" ind1="0" ind2=" ">
    <subfield code="t">Los asesinos de la calle Morgue /</subfield>
    <subfield code="r">Edgar A. Poe --</subfield>
    <subfield code="t">El velo negro /</subfield>
    <subfield code="r">Charles Dickens --</subfield>
    <subfield code="t">La mano /</subfield>
    <subfield code="r">Guy de Maupassant --</subfield>
    <subfield code="t">El ritual de los Musgrave /</subfield>
    <subfield code="r">Conan Doyle --</subfield>
    <subfield code="t">Las manos del se&#xF1;or Ottermole /</subfield>
    <subfield code="r">Thomas Burke --</subfield>
    <subfield code="t">Pisadas extra&#xF1;as /</subfield>
    <subfield code="r">G. K. Chesterton --</subfield>
    <subfield code="t">La ca&#xED;da de Mr. Reader /</subfield>
    <subfield code="r">Edgar Wallace --</subfield>
    <subfield code="t">Villa Filomela /</subfield>
    <subfield code="r">Agatha Christie --</subfield>
    <subfield code="t">El juez corrobora /</subfield>
    <subfield code="r">J. S. Fletcher --</subfield>
    <subfield code="t">Sangre de actor /</subfield>
    <subfield code="r">Ben Hecht --</subfield>
    <subfield code="t">El cuadro de Greuze /</subfield>
    <subfield code="r">Freeman Willis Crofts --</subfield>
    <subfield code="t">El hombre de los dos sacos /</subfield>
    <subfield code="r">E. Phillips Oppenheim --</subfield>
    <subfield code="t">&#xBF;Sigue mi camino? /</subfield>
    <subfield code="r">George Harmon Coxe --</subfield>
    <subfield code="t">El simulador /</subfield>
    <subfield code="r">Stuart Plamer --</subfield>
    <subfield code="t">El caballo de Par&#xED;s /</subfield>
    <subfield code="r">Jhon Dickson Carr --</subfield>
    <subfield code="t">Bajo pena de muerte /</subfield>
    <subfield code="r">Georges Simenon --</subfield>
    <subfield code="t">Las dos botellas de salsa /</subfield>
    <subfield code="r">Lord Dunsany --</subfield>
    <subfield code="t">La aventura de la acr&#xF3;bata colgante /</subfield>
    <subfield code="r">Ellery Queen --</subfield>
    <subfield code="t">Crimen imperfecto /</subfield>
    <subfield code="r">I. Covarrubias --</subfield>
    <subfield code="t">Gay Falc&#xF3;n /</subfield>
    <subfield code="r">Michael Arlen --</subfield>
    <subfield code="t">El asesino viajaba en el mismo tren/</subfield>
    <subfield code="r">David Savage --</subfield>
    <subfield code="t">Los cuatro amigos del doctor /</subfield>
    <subfield code="r">George Joseph --</subfield>
    <subfield code="t">Pap&#xE1; Benjamin /</subfield>
    <subfield code="r">William Iris</subfield>
  </datafield>
  <datafield tag="650" ind1=" " ind2="4">
    <subfield code="a">Novela polic&#xED;aca</subfield>
    <subfield code="x">Colecciones</subfield>
    <subfield code="9">50055</subfield>
  </datafield>
  <datafield tag="650" ind1=" " ind2="4">
    <subfield code="a">Literatura</subfield>
    <subfield code="x">Colecciones</subfield>
    <subfield code="9">40253</subfield>
  </datafield>
  <datafield tag="700" ind1="1" ind2="2">
    <subfield code="a">Llorens, Jos&#xE9; A.</subfield>
    <subfield code="9">4194</subfield>
  </datafield>
  <datafield tag="700" ind1="1" ind2="2">
    <subfield code="a">Sordo, Enrique,</subfield>
    <subfield code="e">pr&#xF3;l.</subfield>
    <subfield code="9">4033</subfield>
  </datafield>
  <datafield tag="910" ind1=" " ind2=" ">
    <subfield code="a">Validado. Control de calidad MFF</subfield>
  </datafield>
  <datafield tag="952" ind1=" " ind2=" ">
    <subfield code="0">0</subfield>
    <subfield code="1">0</subfield>
    <subfield code="5">0</subfield>
    <subfield code="7">1</subfield>
    <subfield code="8">MO</subfield>
    <subfield code="a">GR</subfield>
    <subfield code="b">GR</subfield>
    <subfield code="c">HD</subfield>
    <subfield code="d">2013-07-16</subfield>
    <subfield code="i">LF1</subfield>
    <subfield code="l">0</subfield>
    <subfield code="o">808.831 A634m, 1968</subfield>
    <subfield code="p">39704-10</subfield>
    <subfield code="r">2020-06-25</subfield>
    <subfield code="w">2020-06-25</subfield>
    <subfield code="y">1</subfield>
    <subfield code="Z">No se presta</subfield>
  </datafield>
  <datafield tag="999" ind1=" " ind2=" ">
    <subfield code="c">39194</subfield>
    <subfield code="d">39194</subfield>
  </datafield>
</record>
